Animaux de la Savanes - Statistiques

Statistiques générales
  • Ce quiz a été pris 108 fois
    85 depuis la dernière actualisation
  • Le résultat moyen est 9 sur 16
Statistiques - réponses
Réponse % Correct
Lion / Lionne
100%
Éléphant
86%
Girafe
86%
Zèbre
83%
Guépard
74%
Hyène
74%
Rhinocéros
72%
Léopard
63%
Antilope
54%
Gazelle
53%
Buffle
44%
Gnou
44%
Suricate
38%
Autruche
22%
Chacal
7%
Mandrille
1%
Aucun quiz correspondant
Distribution des résultats
% des personnes avec chaque résultat
Percentile par nombre de réponses
Votre historique - résultats
Vous n’avez pas pris ce quiz depuis la dernière actualisation